Westungarische Magnaten und die Reformation

Titel: Westungarische Magnaten und die Reformation : die Auswirkungen des Reformglaubens auf das dreigeteilte ungarische Königreich mit besonderer Berücksichtigung der Hochadelsfamilien Batthyány und Nádasdy / Béla Matthias Teleky
Verfasser:
Veröffentlicht: Herne : Schäfer, 2014
Umfang: 145 Seiten : Illustrationen, Diagramme ; 21 cm
Format: Buch
Sprache: Deutsch
Schriftenreihe/
mehrbändiges Werk:
Mitteleuropäische Studien ; 7
Hochschulschrift: Diplomarbeit, Universität Wien
RVK-Notation:
Schlagworte:
ISBN: 9783944487106
Buchumschlag
X
Lokale Klassifikation: 54 11 G
alg: 34043370
001A    $00026:22-05-14 
001B    $01999:10-05-25 $t18:04:59.000 
001D    $00026:02-06-14 
001U    $0utf8 
001X    $00 
002@    $0Aau 
002C    $aText $btxt $2rdacontent 
002D    $aohne Hilfsmittel zu benutzen $bn $2rdamedia 
002E    $aBand $bnc $2rdacarrier 
003@    $0340433701 
003O    $0880417189 $aOCoLC 
004A    $A978-3-944487-10-6 $fkart. : EUR 21.00 (DE), EUR 21.60 (AT), sfr 29.90 (freier Pr.) 
004K    $09783944487106 
006G    $0104970603X 
006H    $0TOCNEUA1423 $2DNB 
006L    $0878164731 
006T    $014,N16 
006U    $014,A23 $f20140408 
007A    $0104970603X $aDNB 
007G    $0DE020515FEF19F96721B8C1257D950032FE33 
009P    $qtext/html $A2 $3Inhaltstext $uhttp://deposit.dnb.de/cgi-bin/dokserv?id=4628659&prov=M&dok_var=1&dok_ext=htm $mX:MVB 
009P    $qapplication/pdf $A2 $3Inhaltsverzeichnis $uhttp://scans.hebis.de/HEBCGI/show.pl?34043370_toc.pdf $mV:DE-603;B:DE-Mb50 
010@    $ager 
011@    $a2014 
013D    $RWissenschaftliche Literatur $#Dissertations, Academic $#Thèses et écrits académiques $74113937-9 $8Hochschulschrift [Ts1] $9085338818 
017A    $asf 
021A    $aWestungarische Magnaten und die Reformation $ddie Auswirkungen des Reformglaubens auf das dreigeteilte ungarische Königreich mit besonderer Berücksichtigung der Hochadelsfamilien Batthyány und Nádasdy $hBéla Matthias Teleky 
028A    $BVerfasser $#Teleky, Béla $4aut $71050512294 $8Teleky, Béla Matthias$Z1984- [Tp3] $9339516011 
033A    $pHerne $nSchäfer 
034D    $a145 Seiten 
034I    $a21 cm 
034M    $aIllustrationen, Diagramme 
036E    $aMitteleuropäische Studien $l7 
036F    $x17 $8Mitteleuropäische Studien $9189784431 $l7 
037C    $dDiplomarbeit $eUniversität Wien 
044K    $qDNB $RUngarn $#Transdanubien $#Westungarn $#Ungarn, West $#Westliches Ungarn $#Dunántúl $74060622-3 $8Transdanubien [Tg1] $9085168343 
044K    $qDNB $RAdel $#Hoher Adel $#Magnat $74160079-4 $8Hochadel [Ts1] $9085698091 
044K    $qDNB $RReformator $RReformatorin $#Reformation $#Réforme protestante $#Reforma $#Reformation $74048946-2 $8Reformation [Ts1] $9085136344 
044K    $qDNB $RÖsterreich-Ungarn $#Ungarn $#Ungarn $#Ungarische Räterepublik $#Königreich Ungarn $#Die @Länder der ungarischen Krone $#Transleithanien $#Magyarország $#Magyar Köztársaság $#Magyar Tanácsköztársaság $#Government of the Hungarian Republic $#Zemalja Ugarske Krune $#VNR $#Ungern $#Ungarische Republik $#Republik Ungarn $#Ungarische Volksrepublik $#Volksrepublik Ungarn $#Magyar Népköztársaság $#Hungary $#Hungarian Republic $#Hongrie $#Vengerskaja Narodnaja Respublika $#Hungarian People's Republic $#HPR Hungarian People's Republic $#République Populaire Hongroise $#Ungarische VR $#Republic of Hungary $#Vengrija $74078541-5 $8Ungarn [Tgz] $9085222712 
045E    $c940 $c230 
045F    $a943.9041 $eDDC22ger 
045F/01 $a943.9041 
045G    $a274.3906 $eDDC22ger 
045G/01 $a274 
045G/02 $a270.6 
045G/03 $g439 
045H    $a200.9439 $eDDC23BSB 
045H/01 $a200.9 
045H/03 $g439 
045R    $aGeschichte 
045Z    $8NN 4180 [Tkv] $9410898821 
046L    $aZusammenfassung in englischer Sprache 

lok: 34043370 24
101B    $027-10-14 $t08:04:38.000 
101C    $027-10-14 
101U    $0utf8 
145Z/01 $a54 11 G 

exp: 34043370 24 1 #EPN
201B/01 $027-10-14 $t08:04:59.000 
201C/01 $027-10-14 
201U/01 $0utf8 
203@/01 $0743059239 
208@/01 $a27-10-14 $bz 
209A/01 $a14.09975 $du $f050 $h14 09975 $x00 
209C/01 $a14.09975 K $h14 09975 K 
209G/01 $a73574846 $x00 
220C/01 $ahae 
244Z/01 $#Batthyany $7119531364 $8--Tp1--$PBatthyány$lFamilie$Zab 10. Jh. $x01 $9087870967 
244Z/01 $#Nádasdy von Nádasd und Fogarasföld  $#Nádasd und Fogarasföld  $#Nadásdy de Fogáras  $#Nádasdy de Nádasd et Fogarasföld  $#Nádasdy-Fogáras  $#Nádazsdy  $7132474956 $8--Tp1--$PNádasdy$lFamilie : 13. Jh.- $x02 $9183768825 
247C/01 $8358050-7 Marburg, Bibliothek des Herder-Instituts Marburg $9102600961 

lok: 34043370 78

exp: 34043370 78 1 #EPN
201B/01 $021-03-22 $t11:19:21.000 
201C/01 $021-03-22 
201U/01 $0utf8 
203@/01 $01186844213 
208@/01 $a21-03-22 $be 
209A/01 $a/ $f000 $x00 
209A/01 $ab*p $x01 
220C/01 $aeja 
247C/01 $82080>Marburg/Lahn, Herder-Institut, Forschungsbibliothek, Bibliographieportal $9336309341 

lok: 34043370 204

exp: 34043370 204 1 #EPN
201B/01 $004-06-14 $t08:04:19.000 
201C/01 $022-05-14 
201U/01 $0utf8 
203@/01 $0732301769 
208@/01 $a04-06-14 $bzUB 
209A/01 $a000 NN 4180 T267 $du $f000 $x00 
209G/01 $a61733892 $x00 
245S/01 $a10200 $x01 
247C/01 $8631000-x <26>Gießen, Universität Gießen, Universitätsbibliothek Gießen $9102596697
LEADER 00000cam a2200000 c 4500
001 340433701
003 DE-603
005 20250510180459.0
007 tu
008 140522s2014 xx |||| m u00||u|ger
015 |a 14,A23  |z 14,N16  |2 dnb 
016 7 |2 DE-101  |a 104970603X 
020 |a 9783944487106  |c kart. : EUR 21.00 (DE), EUR 21.60 (AT), sfr 29.90 (freier Pr.) 
024 3 |a 9783944487106 
035 |a (DE-599)DNB104970603X 
035 |a 878164731 
035 |a (OCoLC)880417189 
040 |a DE-603  |b ger  |c DE-603  |d DE-603 
041 |a ger 
082 0 4 |8 1\u  |a 943.9041  |q DE-101  |2 22/ger 
083 0 |8 2\u  |a 274.3906  |q DE-101  |2 22/ger 
083 0 |8 3\u  |a 200.9439  |q DE-101  |2 23/BSB 
084 |a 940  |a 230  |q DE-101  |2 sdnb 
084 |a NN 4180  |0 (DE-625)126913:  |0 (DE-603)410898821  |2 rvk 
085 |8 1\u  |b 943.9041 
085 |8 2\u  |b 274 
085 |8 2\u  |s 270.6 
085 |8 2\u  |z 2  |s 439 
085 |8 3\u  |b 200.9 
085 |8 3\u  |z 2  |s 439 
090 |a b 
100 1 |a Teleky, Béla Matthias  |d 1984-  |e Verfasser  |4 aut  |0 (DE-603)339516011  |0 (DE-588)1050512294  |2 gnd 
245 0 0 |a Westungarische Magnaten und die Reformation  |b die Auswirkungen des Reformglaubens auf das dreigeteilte ungarische Königreich mit besonderer Berücksichtigung der Hochadelsfamilien Batthyány und Nádasdy  |c Béla Matthias Teleky 
264 1 |a Herne  |b Schäfer  |c 2014 
300 |a 145 Seiten  |b Illustrationen, Diagramme  |c 21 cm 
336 |a Text  |b txt  |2 rdacontent 
337 |a ohne Hilfsmittel zu benutzen  |b n  |2 rdamedia 
338 |a Band  |b nc  |2 rdacarrier 
490 1 |a Mitteleuropäische Studien  |v 7 
502 |b Diplomarbeit  |c Universität Wien 
546 |a Zusammenfassung in englischer Sprache 
648 7 |a Geschichte  |2 gnd 
650 7 |a Hochadel  |0 (DE-588)4160079-4  |0 (DE-603)085698091  |2 gnd 
650 7 |a Reformation  |0 (DE-588)4048946-2  |0 (DE-603)085136344  |2 gnd 
651 7 |a Transdanubien  |0 (DE-588)4060622-3  |0 (DE-603)085168343  |2 gnd 
651 7 |a Ungarn  |0 (DE-588)4078541-5  |0 (DE-603)085222712  |2 gnd 
655 7 |a Hochschulschrift  |2 gnd-content  |0 (DE-588)4113937-9  |0 (DE-603)085338818 
830 0 |t Mitteleuropäische Studien  |v 7  |w (DE-603)189784431  |w (DE-600)2381822-0  |9 17  |7 as 
856 4 2 |m X:MVB  |q text/html  |u http://deposit.dnb.de/cgi-bin/dokserv?id=4628659&prov=M&dok_var=1&dok_ext=htm  |3 Inhaltstext 
856 4 2 |m V:DE-603;B:DE-Mb50  |q application/pdf  |u http://scans.hebis.de/HEBCGI/show.pl?34043370_toc.pdf  |3 Inhaltsverzeichnis 
924 0 |9 Mb 50  |a (DE-603)743059239  |b DE-Mb50  |c HES  |d c  |g 14.09975 
924 0 |9 2080  |a (DE-603)1186844213  |b DE-2080  |c HES  |d d  |g / 
924 0 |9 26  |a (DE-603)732301769  |b DE-26  |c HES  |d c  |g 000 NN 4180 T267